| 000 | 02311nam a2200277 a 4500 | ||
|---|---|---|---|
| 003 | OSt | ||
| 005 | 20251107113507.0 | ||
| 007 | cr ||||||a|c|a | ||
| 008 | 230620s2019 mx ab||fom||| 001 0 spa d | ||
| 040 | _erda | ||
| 100 | 1 |
_9132746 _aSanchez Jimenez, Rosa |
|
| 245 | 1 | 0 |
_aDeforestación y uso de suelo en San Pablo Cuatro Venados, Zaachila Oaxaca / _cpor Rosa Sanchez Jimenez; director de tesis Elizabeth Hernández Acosta |
| 264 | 1 |
_aChapingo, México : _bEl autor, _c2019. |
|
| 300 |
_a1 recurso en línea (47 páginas): _bIlustraciones, cuadros, mapas |
||
| 336 |
_2rdacontent _atexto _btxt |
||
| 337 |
_2rdamedia _acomputadora _bc |
||
| 338 |
_2rdacarrier _arecurso en línea _bcr |
||
| 502 |
_bMCCF _cDICIFO _d2019. _gMAE |
||
| 504 | _aIncluye referencias bibliográficas: páginas 19-26, 43-47 | ||
| 520 | _aLa importancia de los bosques a nivel mundial es ampliamente ubicada por el conjunto de bienes y servicios que ofrecen, sin embargo, el aprovechamiento de dichos recursos provoca cambios en el uso de suelo y en la vegetación. Las consecuencias son: aceleración del cambio climático, la pérdida de biodiversidad, la ocurrencia de inundaciones, degradación de los suelos, amenaza de las formas de vida y la integridad cultural de la población que depende directamente de los bosques. El presente trabajo se desarrolló en el Municipio de San Pablo Cuatro Venados, Zaachila Oaxaca, con la finalidad de analizar los cambios de uso de suelo y vegetación en un periodo de 30 años (1987 a 2017) y obtener la tasa de deforestación con el uso de imágenes Landsat. Los resultados mostraron que la vegetación arbórea perdió 193 ha (3.35%) y la vegetación arbustiva ganó 334 ha (5.57%). Los cambios en el bosque de pino-encino revelaron un importante reemplazo de vegetación arbustiva sobre vegetación arbórea. La tasa de deforestación (0.31%) sugieren un aprovechamiento constante de los recursos forestales y evidencian la necesidad de implementar acciones para mantener la cobertura forestal. | ||
| 650 | 4 |
_914420 _aBosques _zOaxaca |
|
| 650 | 4 |
_914405 _aBosques _xUtilización |
|
| 700 | 1 |
_953773 _aHernández Acosta, Elizabeth _edirector. |
|
| 856 |
_uhttp://10.13.5.2/tesis/tm/Sanchez_Jimenez_Rosa.pdf _zDESCARGAR PDF |
||
| 942 |
_2Clasificación Universidad Autónoma Chapingo _cTD |
||
| 999 |
_c218973 _d218973 |
||